00823nam a2200301Ia 4500001000600000003000500006008004100011010001100052040000900063082001600072100003400088245004800122260004800170300001600218440000500234500000500239503000500244650004900249650003200298650003000330901001600360902000600376910000900382942000600391942000700397999001900404952009800423Z_192CHAP220113s1982 xx 000 0 und d a163164 cCHAP a636.085 L43 aLeaver, J D965340 aHerbage intake handbook /cby J. D. Leaver aHurley :bBritish Grassland Society,c1982 avii, 143 p. a a a aAlimentos y alimentación del ganado 94326 0aNutrición animal 9137346 aPastos forrajeros 986094 a636.085 L43 aA a1982 c1 cc1 c163164d163164 00102ddc40708GRALaZbZc3d2005-11-09pz_0653r2022-01-18 00:00:00t1w2022-01-18yLIBRO